• 首页
  • 本馆介绍
  • 公告通知
  • 最新文献
  • 馆藏检索
  • 电子资源
  • 读者导购
  • 参考咨询
  • 我的图书馆
  • 登录
  • 详细信息显示
  • 放入我的书架
  • 预约/预借图书
  • 作者相关作品
  • 分类相关作品
  • 丛书相关作品
  • 出版社相关作品

书目信息

  • 表格格式
  • 工作单格式
  • 卡片格式
题名:
军队院校教育学
    
 
作者: 张宝书 主编
分册:  
出版信息: 北京   军事科学出版社  2006
页数: 529页
开本: 21cm
丛书名:
单 册:
中图分类: E251.3
科图分类:
主题词: 军事院校--教育学--中国
电子资源:
ISBN: 7-80137-946-2
000 00743nam0 2200217 450
001 1570870328
005 20150124194134.78
010    @a7-80137-946-2@dCNY34.00
100    @a20070327d2006 em y0chiy50 ea
101 0  @achi
102    @aCN@b110000
105    @ay z 000yy
200 1  @a军队院校教育学@9jun dui yuan xiao jiao yu xue@f张宝书主编
210    @a北京@c军事科学出版社@d2006
215    @a529页@d21cm
330    @a本书大体可以分为五部分:军队院校教育学学科概述;军队院校教育基本理论和宏观问题;军队院校学科专业与课程理论;军队院校教学活动;军队院校教育管理与保障理论。
606 0  @a军事院校@x教育学@y中国
690    @aE251.3@v5
701  0 @a张宝书@9zhang bao shu@4主编
801  0 @aCN@bTSSF@c20150115
905    @aZUCC@dE251.3@eJY1
    
    军队院校教育学/张宝书主编.-北京:军事科学出版社,2006
    529页;21cm
    
    
    ISBN 7-80137-946-2:CNY34.00
    本书大体可以分为五部分:军队院校教育学学科概述;军队院校教育基本理论和宏观问题;军队院校学科专业与课程理论;军队院校教学活动;军队院校教育管理与保障理论。
●
相关链接 在E读中查询图书 在五车中查询图书 在当当中查询图书 在豆瓣中查询图书


正题名:军队院校教育学     索取号:E251.3/JY1         预约/预借

序号 登录号 条形码 馆藏地/架位号 状态 备注
1 7858129   278581296   学院路分馆/ [索取号:E251.3/JY1] 在馆    
2 7858130   278581303   学院路分馆/ [索取号:E251.3/JY1] 在馆    
欢迎您!
大连网信软件有限公司© 版权所有